Top Scorer – Champions League 2014/15 - Statistiques

Statistiques générales
  • Ce quiz a été pris 53 fois
  • Le résultat moyen est 10 sur 15
Statistiques - réponses
Goal Team Player % Correct
10 Real Madrid Cristiano Ronaldo
100%
10 FC Barcelone Messi
100%
10 FC Barcelone Neymar
98%
7 FC Barcelone Suarez
98%
6 Bayern Munich Lewandowski
85%
6 Real Madrid Benzema
83%
6 Manchester City Aguero
81%
7 Bayern Munich Muller
81%
6 Paris Saint-Germain Cavani
79%
7 Juventus Turin Tevez
49%
5 Juventus Turin Morata
38%
5 Atlético Madrid Mandzukic
32%
9 Shakhtar Donetsk Luiz Adriano
15%
7 FC Porto Martinez
13%
5 FC Porto Brahimi
2%
Aucun quiz correspondant
Distribution des résultats
% des personnes avec chaque résultat
Percentile par nombre de réponses
Votre historique - résultats
Vous n’avez pas pris ce quiz